All 50k+ Texas cities on a map - Whammies - Statistics

General Stats
  • This quiz has been taken 143 times
  • The average score is 38 of 71
Answers on the Map
Answers color-coded by a green-red scale on the quiz's map according to % correct below.
 
Answer Stats
City Population % Correct
El Paso 678,959
97%
Amarillo 200,414
94%
Houston 2,300,351
94%
Austin 961,899
92%
Corpus Christi 318,066
91%
Lubbock 257,206
89%
San Antonio 1,434,322
89%
Dallas 1,304,345
88%
Fort Worth 918,923
84%
Laredo 255,211
83%
Midland 132,874
80%
Odessa 114,451
78%
Brownsville 186,361
77%
Waco 140,122
75%
Arlington 394,377
73%
Wichita Falls 102,285
73%
Abilene 125,004
72%
McAllen 142,188
72%
Beaumont 115,149
70%
Plano 285,464
69%
Tyler 105,972
69%
College Station 120,523
67%
Killeen 153,157
63%
Irving 256,781
61%
Round Rock 119,529
61%
Denton 139,874
59%
Galveston 53,695
59%
McKinney 195,333
59%
Frisco 200,537
58%
Garland 246,191
58%
New Braunfels 90,441
58%
San Angelo 99,903
58%
Sugar Land 111,040
58%
Edinburg 100,316
56%
Longview 81,765
55%
Grand Prairie 196,075
53%
Pasadena 151,973
53%
Mesquite 150,232
52%
Bryan 83,988
50%
Pearland 125,824
50%
Temple 82,217
50%
Conroe 89,973
48%
Lewisville 125,674
48%
Port Arthur 56,033
48%
League City 114,344
47%
Richardson 119,465
47%
Allen 104,648
45%
Carrollton 133,440
45%
Texas City 51,905
45%
Victoria 65,535
45%
Georgetown 67,423
42%
San Marcos 67,782
42%
The Woodlands 114,436
41%
Mission 85,789
36%
Cedar Park 77,603
34%
Pharr 79,731
34%
Harlingen 71,989
33%
Missouri City 74,254
33%
Pflugerville 65,179
33%
Leander 59,212
31%
Baytown 85,600
25%
Flower Mound 75,975
25%
DeSoto 56,108
23%
Grapevine 50,632
22%
Rowlett 62,553
22%
Wylie 57,516
22%
North Richland Hills 69,912
20%
Euless 61,027
17%
Mansfield 72,636
16%
Spring 62,559
11%
Atascocita 88,174
6%
No matching quizzes found
Score Distribution
Percent of People with Each Score
Percentile by Number Answered
Your Score History
You have not taken this quiz